Classifica Marcatori Chelsea All-Time - Statistics

Statistiche generali
  • Questo quiz è stato fatto 23 volte
  • Il punteggio medio è 3 su 10
Statistiche sulle risposte
Gol Nazione Calciatore % Corretto
164 Costa d'Avorio Didier Drogba
100%
211 Inghilterra Frank Lampard
95%
110 Belgio Eden Hazard
86%
87 Paesi Bassi Jimmy Floyd Hasselbaink
5%
84 Inghilterra Barry Bridges
0%
176 Inghilterra Bobby Tambling
0%
101 Inghilterra Jimmy Greaves
0%
112 Inghilterra Kerry Dixon
0%
139 Inghilterra Peter Osgood
0%
86 Inghilterra Tommy Baldwin
0%
Nessun quiz corrispondente trovato
Distribuzione punteggi
Percentuale di utenti per punteggio
Percentile per numero di risposta
I tuoi punteggi nel tempo
Non hai fatto questo quiz